[Event "Hofheim Spring op-B 7th"]
[Site "Hofheim"]
[Date "2019.04.25"]
[Round "4"]
[White "Eckert, Michael"]
[Black "Tiraspolski, Arkadij"]
[Result "1-0"]
[WhiteElo "1558"]
[BlackElo "1650"]
[PlyCount "55"]
[EventDate "2019.04.23"]
[EventType "swiss"]
[EventRounds "9"]
[EventCountry "GER"]
[SourceTitle "CBM 190 Extra"]
[Source "ChessBase"]
[SourceDate "2019.07.15"]
[SourceVersion "1"]
[SourceVersionDate "2019.07.15"]
[SourceQuality "1"]

1. c4 c5 2. Nf3 Nc6 3. Nc3 e5 4. d3 d6 5. g3 Nf6 6. Bg2 Be7 7. 0-0 0-0 8. b3 a6 9. Bb2 Rb8 10. Qd2 Bf5 11. Nh4 Be6 12. e4 Ne8 13. Nf5 Bg5 14. f4 Bf6 15. Ne3 exf4 16. gxf4 Bd4 17. f5 Qg5 18. Rae1 Bd7 19. Ncd5 Nf6 20. Re2 Nxd5 21. cxd5 Bxb2 22. dxc6 Bd4 23. cxd7 g6 24. Rf3 Kh8 25. Kh1 Be5 26. Nd5 Qd8 27. f6 Qxd7 28. Qh6 1-0

[Event "Frankfurt-chA"]
[Site "Frankfurt"]
[Date "2014.05.12"]
[Round "3"]
[White "Marchese, Eric"]
[Black "Tiraspolski, Arkadij"]
[Result "1-0"]
[WhiteElo "1458"]
[BlackElo "1664"]
[PlyCount "51"]
[EventDate "2014.04.28"]
[EventType "swiss"]
[EventRounds "7"]
[EventCountry "GER"]
[SourceTitle "EXT 2015"]
[Source "ChessBase"]
[SourceDate "2014.11.20"]
[SourceVersion "1"]
[SourceVersionDate "2014.11.20"]
[SourceQuality "1"]

1. e4 c6 2. Nf3 d5 3. exd5 cxd5 4. Ne5 Nf6 5. d4 Nbd7 6. Bb5 a6 7. Bxd7+ Bxd7 8. 0-0 g6 9. Nc3 Bg7 10. Re1 0-0 11. Qf3 Bf5 12. Re2 Rc8 13. Bg5 Be6 14. Rae1 h6 15. Bxf6 Bxf6 16. Nxg6 fxg6 17. Rxe6 Kg7 18. Nxd5 Rf7 19. Nxf6 exf6 20. c3 Qd7 21. Qe4 Rc7 22. h4 h5 23. Re3 Rc6 24. Re7 Qd6 25. Rxf7+ Kxf7 26. Qe8+ 1-0

[Event "Frankfurt-ch"]
[Site "Frankfurt"]
[Date "2007.05.07"]
[Round "2"]
[White "Tiraspolski, Arkadij"]
[Black "Breitbach, Stephan"]
[Result "1-0"]
[WhiteElo "1664"]
[BlackElo "1334"]
[PlyCount "67"]
[EventDate "2007.04.30"]
[EventType "swiss"]
[EventRounds "7"]
[EventCountry "GER"]
[SourceTitle "EXT 2008"]
[Source "ChessBase"]
[SourceDate "2007.11.25"]
[SourceVersion "1"]
[SourceVersionDate "2007.11.25"]
[SourceQuality "1"]

1. e4 e6 2. d4 d5 3. e5 c5 4. c3 cxd4 5. cxd4 a6 6. Nf3 Nc6 7. Nbd2 f6 8. Nb3 Be7 9. Be2 Bb4+ 10. Bd2 Bxd2+ 11. Qxd2 fxe5 12. dxe5 Nge7 13. Bd3 0-0 14. 0-0 Qb6 15. Rac1 Nb4 16. Bb1 Qb5 17. Nbd4 Qb6 18. Qg5 Nbc6 19. Bxh7+ Kxh7 20. Qh5+ Kg8 21. Ng5 Rf4 22. Qh7+ Kf8 23. Ndxe6+ Bxe6 24. Nxe6+ Kf7 25. Nxf4 Nxe5 26. Qh5+ N7g6 27. Nxd5 Qxb2 28. Qf5+ Kg8 29. Rc2 Qd4 30. Qe6+ Kh7 31. Rc3 Nf4 32. Qf5+ g6 33. Rc7+ Kh6 34. Qxf4+ 1-0